• 首页
  • 本馆介绍
  • 公告通知
  • 最新文献
  • 馆藏检索
  • 电子资源
  • 读者导购
  • 参考咨询
  • 我的图书馆
  • 登录
  • 详细信息显示
  • 放入我的书架
  • 预约/预借图书
  • 作者相关作品
  • 分类相关作品
  • 丛书相关作品
  • 出版社相关作品

书目信息

  • 表格格式
  • 工作单格式
  • 卡片格式
题名:
合成氨工学
    
 
作者: 姜圣阶 编著
分册: 第一卷  
出版信息: 北京   石油化学工业出版社  1978
页数: 581页
开本: 20cm
丛书名:
单 册:
中图分类: TQ113
科图分类:
主题词: 合成氨生产
电子资源:
ISBN:
000 00633nam0 2200229 45
001 0178001390
005 20060508160323.18
010    @dCNY2.30
091    @aCN@b15063.化330
100    @a19950731d1978 em y0chiy0121 ea
101 0  @achi
102    @aCN@b110000
105    @ay z 000yy
200 10 @a合成氨工学@Ahe cheng an gong xue@h第一卷@f姜圣阶等编著@Fjiang sheng jie deng bian zhu
205    @a第2版
210    @a北京@c石油化学工业出版社@d1978
215    @a581页@d20cm
606    @a合成氨生产
690    @aTQ113@v3
701 02 @a姜圣阶@Ajiang sheng jie@4编著
801  0 @aCN@bTSSF@c20060508
905    @a10447@dTQ113@e2:1=2
    
    合成氨工学.第一卷/姜圣阶等编著.-第2版.-北京:石油化学工业出版社,1978
    581页;20cm
    
    
    ISBN :CNY2.30
    
●
相关链接 在E读中查询图书 在五车中查询图书 在当当中查询图书 在豆瓣中查询图书


正题名:合成氨工学     索取号:TQ113/2:1=2         预约/预借

序号 登录号 条形码 馆藏地/架位号 状态 备注
1 0016681   202277455   密集书库/ [索取号:TQ113/2:1=2] 在馆    
2 0016682   202313497   密集书库/ [索取号:TQ113/2:1=2] 在馆    
3 0016683   202277446   密集书库/ [索取号:TQ113/2:1=2] 在馆    
4 0016684   202313488   密集书库/ [索取号:TQ113/2:1=2] 在馆    
5 0016685   202277419   密集书库/ [索取号:TQ113/2:1=2] 在馆    
唐山师范学院图书馆 欢迎您!
大连网信软件有限公司© 版权所有